La Segona Guerra Mundial. Història de les víctimes.
Spremljeno u:
| Glavni autor: | |
|---|---|
| Daljnji autori: | |
| Format: | Nepoznato |
| Jezik: | španjolski |
| Izdano: |
Barcelona, España:
Empúries, Ediciones Paidós Ibérica,
2003.
|
| Izdanje: | Primera edició. |
| Serija: | Biblioteca Universal,
|
| Teme: | |
| Oznake: |
Dodaj oznaku
Bez oznaka, Budi prvi tko označuje ovaj zapis!
|
MARC
| LEADER | 00000 a2200000 4500 | ||
|---|---|---|---|
| 003 | CL-VaPUC | ||
| 005 | 20241211114322.0 | ||
| 008 | 241126t2003 ||||| |||| 00| 0 spa d | ||
| 999 | |c 445785 |d 445783 | ||
| 020 | |a 84-759-6975-5 | ||
| 040 | |c Pontificia Universidad Católica de Valparaíso | ||
| 082 | |2 22 |a 940.5318 BOU 2003 | ||
| 100 | |a Bourke, Joanna |9 893950 |e auteur | ||
| 245 | |a La Segona Guerra Mundial. |b Història de les víctimes. | ||
| 250 | |a Primera edició. | ||
| 260 | |a Barcelona, España: |b Empúries, |b Ediciones Paidós Ibérica, |c 2003. | ||
| 300 | |a 278 páginas. | ||
| 490 | |a Biblioteca Universal, |n 177. | ||
| 583 | |k GC |c 20241126 | ||
| 650 | 0 | |9 554679 |a Segunda Guerra Mundial |x Víctimas |v Testimonios orales |z Asia, África, Europa y Unión Soviética | |
| 650 | 0 | |9 325982 |a Segunda Guerra Mundial |x Holocausto y genocidio |y 1939-1945 | |
| 700 | |9 894221 |a Iribarren, Concepció |e traducció | ||
| 942 | |2 ddc |c BK | ||
| 952 | |0 0 |1 0 |2 ddc |4 0 |6 940_531800000000000_BOU_2003 |7 0 |8 A |9 598274 |a BIBHIS |b BIBHIS |d 2024-11-26 |e 59 |g 53886.00 |i 5663461 |o 940.5318 BOU 2003 |p 5663461 |r 2025-01-20 |t 1 |v 53886.00 |w 2024-11-26 |y BK |k HIS | ||
| 952 | |0 0 |1 0 |2 ddc |4 0 |6 940_531800000000000_BOU_2003 |7 0 |8 A |9 598329 |a BIBHIS |b BIBHIS |d 2024-11-28 |e 59 |g 53886.00 |i 5663472 |o 940.5318 BOU 2003 |p 5663472 |r 2025-01-20 |t 2 |v 53886.00 |w 2024-11-28 |y BK |k HIS | ||